000 01299nam a2200301 i 4500
003 OSt
005 20230711150606.0
008 210315b 2020 dr aa00| 0 eng d
020 _a9789945912210
040 _aDO-SdBNP
_bspa
_cBNPHU
_erda
245 0 0 _aLa ruta del desarrollo /
_cdirector ; Julio César Castillo ; coordinador Rafael Alcides Tavárez
246 0 0 _aRuta de desarrollo
260 _aSanto Domingo
_bPublicaciones Libertad,
264 _aSanto Domingo
_bConcilio Evangelico Asambleas de Dios República Dominicana. Ministerio de Educación Cristiana,
_c2020.
300 _a2 volumenes
_bilustraciones ;
_c21 cm.
336 _2Rdacontent
_atexto
_btxt
337 _2rdamedia
_asin mediación
_bn
338 _2rdacarrier
_avolumen
_bnc
500 _aLa biblioteca posee el volumen 1 y 3
505 2 _gv. 1
_tFundamento general del nuevo creyente --
_tGuía de fundamento doctirnal --
_tEl amigo que le ayuda.
505 2 _gv. 3
_tDiscipulado y liderazgo --
590 _aInventariado, 2021 /LP
700 1 _aCastillo, Julio César,
_edirector
_980682
700 1 _a Alcides Tavárez, Rafael,
_ecoordinador
_980683
710 1 _aConcilio Evangelico Asambleas de Dios República Dominicana.
_bMinisterio de Educación Cristiana
_978139
910 _aLopérez
942 _2ddc
_cLBS1
999 _c49566
_d49566